00000000nam##2200000za#4500
0019.661120
003CaOODSP
00520200401082635
007ta
008150407|1999||||xxc|||||     f|0| 0 fre|d
020 |a0-662-64337-2
040 |aCaOODSP|bfre
041 |aeng
041 |afre
043 |an-cn---
0861 |aC105-1/1-1999
1101 |aCanada.|bIndustrie Canada. |bCentre de recherches sur les communications.
24510|aPlan d'affaires du CRC, 1999-2000
260 |aOttawa - Ontario : |bIndustrie Canada. |c1999.
300 |aTexte français, 16p. : |btableaux ; |c28 cm.
546 |aBilingue
563 |aCouverture souple
590 |a99-31|b1999-08-06
69107|aRecherche et développement|2gcpds
69107|aTélécommunications|2gcpds
7760#|tPlan d'affaires du CRC pour l'exercice financier 1999-2000 |w(CaOODSP)9.638174
7760#|tCRC business plan 1999-2000 |w(CaOODSP)9.693990
791 |tCRC business plan 1999-2000 |eeng|w(CaOODSP)9.661119
986 |a52811B